Estadísticas para Los países más cercanos a Dominica

Haz click aquí para tomar la prueba!

Estadísticas generales

  • Esta prueba ha sido tomada 23 veces
  • La puntuación promedio es 14 de 20

Estadísticas de respuestas

kmpaís% Correcto
1128Haití
91%
201San Cristóbal y Nieves
91%
204San Vicente y las Granadinas
91%
298Granada
86%
804República Dominicana
86%
129Santa Lucía
86%
439Trinidad y Tobago
86%
154Antigua y Barbuda
82%
757Guyana
82%
277Barbados
77%
1131Surinam
77%
500Venezuela
77%
1367Bahamas
73%
1114Colombia
68%
1113Brasil
64%
27Francia
55%
969Aruba
45%
872Curazao
36%
259Países Bajos
23%
313San Martin
23%

Distribución de puntuación

Porcentaje por número respondido

Porcentaje de gente con cada puntuación

Historial de tus puntuaciones

No has tomado esta prueba